| 000 | 00397cas a2200157 4500 | ||
|---|---|---|---|
| 022 | 0 | _a0012-1797 | |
| 040 | _cMUL | ||
| 082 | 1 | _a616 DIA 2005 C101 Or. | |
| 245 | 0 | 0 | _aDiabetes |
| 300 |
_avolumes : _billustrations, portraits, diags. ; _c29 cm |
||
| 520 | _aIncludes abstracts | ||
| 650 | 0 | _aDiabetes | |
| 650 | 2 | _aDiabetes Mellitus. | |
| 710 | 2 | _aAmerican Diabetes Association. | |
| 942 | _cAEDBB | ||
| 999 |
_c22231 _d22231 |
||